| 000 | 01545cam a22001814a 4500 | ||
|---|---|---|---|
| 005 | 20250605164328.0 | ||
| 008 | 250528s ||||||||||||||||||||||||d | ||
| 035 | _a23140 | ||
| 040 |
_aGR-AtMCL _bgre _dGR-AtMCL _eAACR2 |
||
| 245 | 1 | _aΠρακτικός Οδηγός για τις Μαθησιακές Δυσκολίες / Ανίχνευση και Παιδαγωγική Αντιμετώπιση για Εκπαιδευτικούς και Γονείς, για το Νηπιαγωγείο και τις Πρώτες Τάξεις του Δημοτικού | |
| 260 |
_bΚέδρος Εκπαίδευση, _c2007 |
||
| 300 | _a264 | ||
| 520 | _aΟ οδηγός αυτός απευθύνεται σε εκπαιδευτικούς, γονείς και μαθητές του Νηπιαγωγείου και των πρώτων σχολών του Δημοτικού Σχολείου. ΄΄Εχει ως στόχο, μέσα από ποικίλες ασκήσεις και δραστηριότητες, να βοηθήσει τους μαθητές που αντιμετωπίζουν προβλήματα ανάγνωσης και γραφής. Οδηγίες για τη Χρήση του Βιβλίου (Βιβλίο για το Δάσκαλο ή το Γονιό), Γράμματα και Εικόνες, Καρτέλα Δυσλεξίας, Διψήφιο Φωνήεν, Δίφθογγοι, Καταχρηστικοί Δίφθογγοι. | ||
| 700 | 1 |
_aΜπούκας Δημήτρης _98704 |
|
| 942 | _cBK | ||
| 999 |
_c8170 _d8170 |
||